| 000 | 01071nam a2200301 4500 | ||
|---|---|---|---|
| 003 | EG-GICUC | ||
| 005 | 20260415173614.0 | ||
| 008 | 260415s1908 sj ||||fr|||| 001 0 eng d | ||
| 040 |
_aEG-GiCUC _beng _cEG-GiCUC _dEG-GiCUC _erda |
||
| 041 | 0 | _aeng | |
| 082 | 0 | 4 |
_221 _a343.20624 _bSU |
| 092 | 0 | 4 | _221 |
| 099 | _aLaw1 343.20624 SU 1908 | ||
| 245 | 0 | 4 |
_aThe sudan penal code And The Ordinances Rules ETC : _bConstituting And Regulating The Procedure Of The Civil Criminal & Mohammedan Law Courts Of The Sudan / |
| 264 | 1 |
_aKhartoum : _bSudan Printing, _c1908. |
|
| 300 |
_a434 pages,unnumbered pages, various pagings : _btables ; _c24 cm. |
||
| 336 |
_2rda content _atext |
||
| 337 |
_2rda media _aComputer |
||
| 338 |
_2rda carrier _aOnline Resource |
||
| 500 | _aPrinted And Published By The Authority of The Governor General. | ||
| 504 | _aIncludes index. | ||
| 546 | _aText in English | ||
| 650 | 1 |
_aCriminal law. _2qrmak |
|
| 651 | 1 | _2qrmak | |
| 856 | 4 | 0 | _uhttps://fll.law.cu.edu.eg/fulltext/bks/B10-01090.pdf |
| 905 | _a62 | ||
| 942 |
_2ddc _n0 _cBK _e21 |
||
| 999 |
_c71187 _d71187 |
||